<?xml version="1.0" encoding="UTF-8"?>
<record
    xmlns:xsi="http://www.w3.org/2001/XMLSchema-instance"
    xsi:schemaLocation="http://www.loc.gov/MARC21/slim http://www.loc.gov/standards/marcxml/schema/MARC21slim.xsd"
    xmlns="http://www.loc.gov/MARC21/slim">

  <leader>01696nam a22002057a 4500</leader>
  <controlfield tag="003">IT-MiCISF</controlfield>
  <controlfield tag="005">20251202122400.0</controlfield>
  <controlfield tag="008">251202b        |||||||| |||| 00| 0 eng d</controlfield>
  <datafield tag="020" ind1=" " ind2=" ">
    <subfield code="a">9788811016861</subfield>
  </datafield>
  <datafield tag="040" ind1=" " ind2=" ">
    <subfield code="c">IT-MiCISF</subfield>
  </datafield>
  <datafield tag="100" ind1=" " ind2=" ">
    <subfield code="a">Boas Simon</subfield>
    <subfield code="9">62814</subfield>
  </datafield>
  <datafield tag="245" ind1=" " ind2=" ">
    <subfield code="a">Morire. Istruzioni per l'uso</subfield>
  </datafield>
  <datafield tag="260" ind1=" " ind2=" ">
    <subfield code="a">Milano, </subfield>
    <subfield code="b">Garzanti, </subfield>
    <subfield code="c">2025</subfield>
  </datafield>
  <datafield tag="300" ind1=" " ind2=" ">
    <subfield code="a">pp. 135</subfield>
  </datafield>
  <datafield tag="500" ind1=" " ind2=" ">
    <subfield code="a">morte, malato-terminale, atteggiamenti-verso-morte, esperienze</subfield>
  </datafield>
  <datafield tag="520" ind1=" " ind2=" ">
    <subfield code="a">Nell'estate del 2023 a Simon Boas, operatore sanitario di quarantasei anni, viene diagnosticato un carcinoma alla gola che non d&#xE0; speranze. Ma lui &#xE8; determinato a non lasciarsi abbattere e nei pochi mesi che gli restano intende imparare a morire, cos&#xEC; come ha imparato a vivere: con ottimismo, prendendo il meglio delle persone che lo circondano e dando priorit&#xE0; a ci&#xF2; che conta davvero. "Morire. Istruzioni per l'uso" &#xE8; il lascito spirituale di un uomo che sta per abbandonare la vita, e che si concede il tempo per riflettere sulle piccole cose che danno un senso di pace e di appagamento ai suoi giorni sempre pi&#xF9; preziosi. In grado di parlare con sensibilit&#xE0; e saggezza a chi si trovi a fare i conti con un male incurabile, ma anche a tutti coloro che vogliano darsi l'opportunit&#xE0; di apprezzare fino in fondo la vita, Simon Boas guarda alla malattia non come a una lotta ma come a un'occasione per diventare la versione migliore di noi, e alla morte non come a una sconfitta ma come a ci&#xF2; che ci rende umani. Capace di commuoverci ma anche di strapparci pi&#xF9; di qualche sorriso, questo libro raccoglie ed esprime tutta la gioia di essere al mondo.</subfield>
  </datafield>
  <datafield tag="650" ind1=" " ind2=" ">
    <subfield code="a">Morte</subfield>
  </datafield>
  <datafield tag="654" ind1=" " ind2=" ">
    <subfield code="a">testimonianza</subfield>
  </datafield>
  <datafield tag="942" ind1=" " ind2=" ">
    <subfield code="2">ddc</subfield>
    <subfield code="c">BK</subfield>
  </datafield>
  <datafield tag="999" ind1=" " ind2=" ">
    <subfield code="c">360678</subfield>
    <subfield code="d">360678</subfield>
  </datafield>
  <datafield tag="952" ind1=" " ind2=" ">
    <subfield code="0">0</subfield>
    <subfield code="1">0</subfield>
    <subfield code="2">ddc</subfield>
    <subfield code="4">0</subfield>
    <subfield code="6">B_7907_000000000000000</subfield>
    <subfield code="7">1</subfield>
    <subfield code="a">CISF</subfield>
    <subfield code="b">CISF</subfield>
    <subfield code="d">2025-12-02</subfield>
    <subfield code="l">0</subfield>
    <subfield code="o">B7907</subfield>
    <subfield code="p">9788811016861</subfield>
    <subfield code="r">2025-12-02 12:24:17</subfield>
    <subfield code="w">2025-12-02</subfield>
    <subfield code="y">BK</subfield>
  </datafield>
</record>
